C# 4.0 how-to

Spremljeno u:
Bibliografski detalji
Glavni autor:  Watson, Ben
Format: Sách
Jezik:Undetermined
Izdano:  Sams  2010
Teme:
Oznake: Dodaj oznaku
Bez oznaka, Budi prvi tko označuje ovaj zapis!
Thư viện lưu trữ: Trung tâm Thư viện - Trường Đại học Công nghiệp TP. Hồ Chí Minh
LEADER 00469nam a2200157Ia 4500
001 UIH_06372
008 231011s9999 xx 000 0 und d
082 |a  005.133 
100 |a  Watson, Ben 
245 0 |a  C# 4.0 how-to 
245 0 |c  Watson, Ben 
260 |b  Sams 
260 |c  2010 
650 |a  C# (Ngôn ngữ lập trình máy tính);  
927 |a Sách 
980 |a Trung tâm Thư viện - Trường Đại học Công nghiệp TP. Hồ Chí Minh